Memoria
Tallennettuna:
| Aineistotyyppi: | Teksti |
|---|---|
| Julkaistu: |
San José
|
| Tagit: |
Lisää tagi
Ei tageja, Lisää ensimmäinen tagi!
|
MARC
| LEADER | 00000 a a2200000 04500 | ||
|---|---|---|---|
| 001 | 38657 | ||
| 003 | |||
| 040 | |a CRAI/IIS |c CRAI/IIS | ||
| 090 | |a 0005 P964p | ||
| 245 | |a Memoria | ||
| 260 | |a San José | ||
| 300 | |a p. irreg. | ||
| 500 | |a Borrador | ||
| 999 | |c 17387 |d 17387 | ||
